Normal view
MARC view
Entry Corporate Name
001 - CONTROL NUMBER
- control field: 43141
003 - CONTROL NUMBER IDENTIFIER
- control field: ARRUPE
005 - DATE AND TIME OF LATEST TRANSACTION
- control field: 20181030090511.0
008 - FIXED-LENGTH DATA ELEMENTS
- fixed length control field: 181030|| aca||aabn | a|a d
040 ## - CATALOGING SOURCE
- Original cataloging agency: ARRUPE
- Transcribing agency: ARRUPE
110 ## - HEADING--CORPORATE NAME
- Corporate name or jurisdiction name as entry element: Catholic Church
- Geographic subdivision: El Salvador
- General subdivision: Clergy
- General subdivision: Biography.
670 ## - SOURCE DATA FOUND
- Source citation: Work cat.: (ARRUPE)0: Ponseele, Rogelio, 1939- 43140, Death and life in Morazán :, 1989.